000 00249nam a22001097a 4500
082 _a670 HEN'P
100 _aHENRIE, BLAINE
_975784
245 _aPAINTING ON LOCATIONS
260 _aCALIFORNIA
_bWALTER T. FASTER
_c1980
300 _a29P
942 _cBK
999 _c581187
_d581187